| 000 -LEADER |
| fixed length control field |
00764nam a22002177a 4500 |
| 003 - CONTROL NUMBER IDENTIFIER |
| control field |
OSt |
| 005 - DATE AND TIME OF LATEST TRANSACTION |
| control field |
20251107100447.0 |
| 008 - FIXED-LENGTH DATA ELEMENTS--GENERAL INFORMATION |
| fixed length control field |
251107b ||||| |||| 00| 0 eng d |
| 020 ## - INTERNATIONAL STANDARD BOOK NUMBER |
| International Standard Book Number |
9781405267212 |
| 040 ## - CATALOGING SOURCE |
| Transcribing agency |
KH8 |
| 082 04 - DEWEY DECIMAL CLASSIFICATION NUMBER |
| Classification number |
823.92 MCK |
| 100 1# - MAIN ENTRY--PERSONAL NAME |
| Personal name |
McKay, Hilary |
| Relator term |
author |
| 245 10 - TITLE STATEMENT |
| Title |
Tilly and the dragon |
| Statement of responsibility, etc. |
Hilary McKay , illustrated by Kimberley Scott. |
| 264 #1 - PRODUCTION, PUBLICATION, DISTRIBUTION, MANUFACTURE, AND COPYRIGHT NOTICE |
| Place of production, publication, distribution, manufacture |
1 Nicholas Road ,London W11 4AN |
| Name of producer, publisher, distributor, manufacturer |
Egmont |
| Date of production, publication, distribution, manufacture, or copyright notice |
2014 |
| 300 ## - PHYSICAL DESCRIPTION |
| Extent |
48 pages |
| Other physical details |
colour illustrations |
| Dimensions |
14 cm x 19 cm |
| 520 ## - SUMMARY, ETC. |
| Summary, etc. |
Tilly is keeping a dragon in her bedroom!But he can't stau there forever.Can Tilly find him the perfect place to live? |
| 650 #0 - SUBJECT ADDED ENTRY--TOPICAL TERM |
| Topical term or geographic name entry element |
Imaginary |
| Form subdivision |
Juvenile fiction |
| 655 #0 - INDEX TERM--GENRE/FORM |
| Genre/form data or focus term |
Children's stories |
| 700 1# - ADDED ENTRY--PERSONAL NAME |
| Personal name |
Scott, Kimberley |
| Relator term |
illustrator |
| 942 ## - ADDED ENTRY ELEMENTS (KOHA) |
| Source of classification or shelving scheme |
|
| Koha item type |
Books - Fiction |